| 000 | 01798nam a22002897a 4500 | ||
|---|---|---|---|
| 999 |
_c22005 _d22005 |
||
| 003 | AR-CdUCM | ||
| 008 | 190425b ||||| |||| 00| 0 spa d | ||
| 040 |
_aMUNICIPALIDAD PROVINCIAL DEL CUSCO _cBIBLIOTECA MUNICIPAL DEL CUSCO |
||
| 082 | _aHist.Ecle/N°6/1998 | ||
| 110 |
_aInstituto Peruano de Historia Eclesiástica _947113 |
||
| 245 |
_aRevista peruana de Historia Eclesiástica / _cInstituto Peruano de Historia Eclesiástica |
||
| 260 |
_aLima. _bServicio copias Gráficas, _c1998. |
||
| 300 |
_a288 páginas. : _c22 cm. |
||
| 440 |
_aRevista peruana de Historia Eclesiástica. _nN°6,1998. _947127 |
||
| 505 | _aContenido: Circunscripción Eclesiástica. José Dammert Bellido. -- La orden dominicana en el Perú del siglo XX. Guillermo Álvarez. -- Las misiones dominicanas de Puerto Maldonado. Juan José Larrañeta. -- La provincia franciscana de los doce apóstoles del Perú en el siglo XX. Federico Richter. -- Los franciscanos en el Perú en el siglo XX. Julián Heras. -- Los mercedarios del Perú en el siglo XX. Severo Aparicio. -- Los agustinos en el Perú del siglo XX. Benigno Ayarra Cámara. -- Los jesuitas en el Perú del siglo XX. Armando Nieto. -- Nuevos institutos religiosos en el Perú del siglo XX. Jeffrey Klaiber. -- La iglesia y la educación peruana en el siglo XX. Andrés Cardó Franco. -- La religiosidad popular en el Perú del siglo XX. Manuel M. Marzal. | ||
| 650 |
_aHistoria eclesiástica _942856 |
||
| 650 |
_aEducación colonial _925888 |
||
| 650 |
_aHistoria del Cusco _91714 |
||
| 650 |
_aReligión católica _947116 |
||
| 650 |
_aEvangelización _947119 |
||
| 700 |
_aDammert, José _947121 |
||
| 700 |
_aÁlvarez, Guillermo _947125 |
||
| 700 |
_aHeras, Julián _947126 |
||
| 700 |
_aMarzal, Manuel _946162 |
||
| 942 |
_2ddc _cPP |
||
| 945 | _arac | ||